| 000 | 00505nam a2200181Ia 4500 | ||
|---|---|---|---|
| 008 | 151202s9999||||xx |||||||||||||| ||und|| | ||
| 082 | _bPNVM-85122 | ||
| 100 | _aभागवत यशवंत. | ||
| 245 | _aचित्रा. | ||
| 260 | _bनवल प्रकाशन. | ||
| 260 | _c2015 | ||
| 300 | _a174 | ||
| 600 | _aभागवत यशवंत. | ||
| 630 | _aचित्रा. | ||
| 700 | _aभागवत यशवंत. | ||
| 730 | _aचित्रा. | ||
| 942 | _cBOOK | ||
| 999 |
_c1349974 _d1349971 |
||